000
00332nam a2200133Ia 4500
008
240624s9999 xx 000 0 und d
041
_a
eng
082
_a
300.72 BER
100
_a
DEN BERG S VAN
245
_a
DATA COLLECTION AND SCALE DEVELOPMENT
260
_c
2014
_a
London
_b
Sage
300
_a
vi, 407 p,: 23 cm.
365
_c
_b
38
999
_c
31085
_d
31085